| 000 | 00421nam a22001577a 4500 | ||
|---|---|---|---|
| 003 | SGT | ||
| 020 | _a9789392787430 | ||
| 082 |
_a620 _bT22D |
||
| 100 | _aDahiya, Mamta | ||
| 245 | _aTechniques and application in Engineering Science | ||
| 260 |
_aNew Delhi, India _bSelective & Scientific Books Publishers & Distributers _c2022 |
||
| 300 | _a197 | ||
| 650 | _aEngineering | ||
| 700 | _aKundu, Susanta | ||
| 942 |
_2ddc _cBK |
||
| 999 |
_c24486 _d24486 |
||